000 00359nam a2200133Ia 4500
005 20260328101511.0
008 260328s9999||||xx |||||||||||||| ||und||
100 _aTyrwhitt, J.
245 4 _aThe Heart of the City :
_b Towards the Humanisation of Urban Life /
_cJ. Tyrwhitt
260 _bLund Humphries
300 _a184 p.
650 _aURBANISMO
942 _cBK
999 _c9204
_d9204